| 000 | 00437cam a2200169ua 4500 | ||
|---|---|---|---|
| 041 |
_aeng _h |
||
| 082 |
_a671.24 _bETH/MO |
||
| 100 | _aEtherington, H . | ||
| 245 |
_aModern furnace technology / _cH.Etherington. _hTextual Documents |
||
| 250 |
_a3 / _b. |
||
| 260 |
_aLondon : _bCharles griffith & company limited , _c1961. |
||
| 300 | _a569 ; . | ||
| 504 | _a | ||
| 700 | 1 | _aEtherington, G . | |
| 942 | _cBK | ||
| 999 |
_c2276 _d2276 |
||